Bibliografía Chilena. Tomo III: 1817-1818
保存先:
| 第一著者: | |
|---|---|
| フォーマット: | 図書 |
| 言語: | スペイン語 |
| 出版事項: |
Santiago
Imprenta Universitaria
1921
|
| 版: | 1a. ed |
| 主題: | |
| タグ: |
タグ追加
タグなし, このレコードへの初めてのタグを付けませんか!
|
MARC
| LEADER | 00000nam a2200000 a 4500 | ||
|---|---|---|---|
| 001 | UCJ8640 | ||
| 003 | CL-VaPUC | ||
| 008 | 070124e19210000CL |||||||||||||||||spa|d | ||
| 082 | 0 | 4 | |a 010 |b MON |2 21 |
| 100 | |a Montt Montt, Luis |e autor |9 444897 | ||
| 245 | 1 | 0 | |a Bibliografía Chilena. Tomo III: 1817-1818 |
| 250 | |a 1a. ed | ||
| 300 | |a 152 p | ||
| 942 | |c BK | ||
| 945 | |d 20070124 00:00:00 |a rinostro | ||
| 260 | |a Santiago |b Imprenta Universitaria |c 1921 | ||
| 650 | 7 | |a BIBLIOGRAFIA |2 CL-VaPUC |9 256175 | |
| 650 | 0 | |a Imprenta |9 265883 | |
| 650 | 0 | |a Historia de Chile |9 265473 | |
| 650 | 7 | |a DEVOCIONES CATOLICAS |2 CL-VaPUC |9 517515 | |
| 650 | 7 | |a CULTO MARIANO |2 CL-VaPUC |9 517516 | |
| 583 | |a last modification |c 20070124 00:00:00 |k Rodrigo Vera | ||
| 999 | |c 324310 |d 324308 | ||
| 952 | |0 0 |1 0 |4 0 |6 010_000000000000000_MON_1921 |7 0 |8 X |9 404396 |a FDOBUD |b FDOBUD |d 2019-11-22 |h v.3 |i 1081640 |o 010 MON 1921 |p 1081640 |r 2019-11-22 |w 2019-11-22 |y BK_X |k BUD | ||